Anayasa Mahkemesi kararlarında imar hukukunun temel ilkeleri (Record no. 1289)

MARC details
000 -BAŞLIK
Sabit Uzunlukta Kontrol Alanı 00777na a2200253 4500
001 - KONTROL NUMARASI
Denetim Alanı 17180
003 - KONTROL NUMARASI IDENTIFIER
Denetim Alanı MIRAKIL
005 - SON İŞLEM TARİHİ VE ZAMANI
Denetim Alanı 20181213154817.0
008 - SABİT-BOY VERİ ELEMANLARI - GENEL BİLGİLER
Sabit Uzunlukta Kontrol Alanı 170823b tu 000 0
020 ## - ULUSLARARASI STANDART KİTAP NUMARASI
Uluslararası Standart Kitap Numarası 9786055373443
040 ## - KATALOGLAMA KAYNAK
Orijinal Kataloglama Ajansı Milas
Kataloglama Dili tur
Metne Dönüştürmek Ajansı TR-AnCHP
041 ## - DİL KODU
Metin / Ses Parça Veya Ayrı Başlığın Dil Kodu tur
082 ## - DEWEY ONLU SINIFLANDIRMA NUMARASI
Sınıflandırma Numarası 343.07869
Ürün Numarası Ç64a 2011
090 ## - SINIFLAMA NUMARASI
Sınıflama Numarası 343.07869 Ç64a 2011
100 ## - ANA GİRİŞ - KİŞİSEL İSİM
Kişisel Ad Çolak, Nusret İlker
245 ## - BAŞLIK TABLOSU
Başlık Anayasa Mahkemesi kararlarında imar hukukunun temel ilkeleri
Sorumluluk Tablosu, Vb Nusret İlker Çolak
246 ## - UNVAN FORM VARYING
Başlık Doğru / Kısa Başlığı imar hukukunun temel ilkeleri
260 ## - YAYIN, DAĞITIM, VB
Yayın, Dağıtım, Vb Yeri İstanbul
Yayıncı, Dağıtıcı, Vs Adı On İki Levha Yayıncılık
Yayın, Dağıtım, Vb Tarihi 2011
300 ## - FİZİKSEL TANIM
Kapsam vi, 419 s.
Boyutlar 23 sm.
490 ## - SERİSİ TABLOSU
Seri Beyanı On İki Levha Yayıncılık
Hacim / Ardışık Tanımı 232
610 ## - KONU KATMA GİRİŞ - TOPLANTI ADI
Giriş Elemanı Olarak Kurumsal Ad Veya Yargı Alanı Adı Anayasa Mahkemesi
Genel Alt Bölüm İmar hukuku
650 ## - KONU KATMA GİRİŞ - TOPİKAL DÖNEM
Topikal Süreli Veya Coğrafi Ad Giriş Elemanı İmar
Genel Alt Bölümü Hukuk ve mevzuat
942 ## - EKLENDİ GİRİŞ ELEMANLARI (KOHA)
Sınıflandırma Veya Raf Düzeni Kaynak Dewey Decimal Classification
Koha Öğesi Türü Books
999 ## - SİSTEM KONTROL NUMARALARI (KOHA)
Koha Biblionumber 1289
Koha Biblioitemnumber 1289
Holdings
Kalıcı Konum Mevcut Konum Edinme Tarihi Edinim Kaynak Toplam Check-Out'Lar Tam Çağrı Numarası Barkod Tarih Son Görülme İtibaren Geçerli Fiyatlar Koha Öğesi Türü
CHP Kütüphanesi CHP Kütüphanesi 10/23/2016 Bağış   343.07869 Ç64a 2011 005485 10/23/2016 10/23/2016 Books
CHP Kütüphanesi CHP Kütüphanesi 01/24/2020     343.07869 Ç64a 2011 013519 01/24/2020 01/24/2020 Books